[Event "Silver Lake Open-A 2018"]
[Site "Veliko Gradiste"]
[Date "2018.06.22"]
[Round "7"]
[White "Djordjevic, Vuk"]
[Black "Kadric, Denis"]
[Result "1/2-1/2"]
[WhiteElo "2399"]
[BlackElo "2509"]
[Annotator "TA"]
[PlyCount "96"]
[EventDate "2018.06.21"]
[EventType "swiss"]
[EventCountry "SRB"]
[SourceTitle "playchess.com"]
[Source "ChessBase"]
[SourceQuality "1"]

{[%evp 14,96,40,47,75,45,78,75,70,64,73,78,158,0,59,26,36,-67,-25,-69,45,39,36,-61,-57,-38,0,-25,0,0,-3,-81,-39,-63,-54,-98,-22,-94,-96,-195,-189,-211,-205,-210,-189,-367,-379,-376,-292,-1251,-1238,-1054,-372,-1101,-1101,-29979,-737,-29984,-259,-262,-254,-247,-142,-141,-156,-160,-150,-148,-147,-172,-184,-178,-165,-162,-109,-178,-89,-152,-71,-77,-11,-37,-16,-17,-26]} 1. d4 d6 2. Nf3 Nf6 3. Bg5 Nbd7 4. e3 e5 5. c4 Be7 6. Nc3 O-O 7. Qc2 Ne8 8. h4 {LiveBook: 3 Games. A54: Old Indian Defence with Nf3, but without e4} (8. Bxe7 Qxe7 9. O-O-O f5 10. h4 Ndf6 11. Kb1 c5 12. g3 b6 13. Bg2 Bb7 14. Rhe1 g6 15. Ka1 Nc7 {1-0 (36) Tomashevsky,E (2695)-Shomoev,A (2557) Moscow 2011}) 8... c6 9. Bd3 $146 ({Predecessor:} 9. O-O-O exd4 10. Nxd4 Bf6 11. Bd3 h6 12. g4 Ne5 13. Bxf6 Nxf6 14. g5 Nfg4 15. Bh7+ Kh8 {1-0 (31) Oms Pallisse,J (2450)-Herreros Fernandez,M (2210) Spain 1997}) 9... g6 10. O-O-O {White is better.} f5 {With the idea ...e4.} 11. dxe5 Bxg5 $1 12. hxg5 dxe5 (12... Nxe5 $142 13. Nxe5 dxe5) 13. Rh4 $2 (13. e4 $16 f4 14. c5) 13... Qe7 ({Black should try} 13... e4 $11 14. Nxe4 fxe4 15. Bxe4 Rxf3 16. gxf3 Qxg5) 14. Rdh1 Rf7 $1 15. Nd2 (15. e4 $14 f4 16. Ne2) 15... Nc5 16. g4 Nd6 (16... Qxg5 $15 17. gxf5 Nxd3+ 18. Qxd3 Bxf5) 17. Be2 a5 18. Na4 ({White should play} 18. Nb3 $14 Nxb3+ 19. axb3) 18... Nxa4 $15 19. Qxa4 c5 20. Qc2 Bd7 21. Bf3 Be6 22. Qc3 (22. Bg2 $11) 22... e4 23. gxf5 Bxf5 24. Bg2 b6 (24... Qxg5 $17 25. R4h2 Re8 26. Qxa5 Bg4) 25. f3 (25. Qb3 $11 {remains equal.}) 25... Qxg5 $17 26. fxe4 (26. R4h2 $17) 26... Qxg2 $19 27. exf5 Nxf5 {[%cal Bd6f5,Bf5g3,Bg3f1][%mdl 32]} 28. R4h2 Qc6 29. Rh3 $2 {[#]} (29. Rf1) 29... Ng3 $1 {[%mdl 512]} 30. R1h2 (30. Rxg3 Qxh1+) 30... Nf1 31. Nxf1 $2 (31. Rh1 Ng3 32. R1h2) 31... Rxf1+ 32. Kc2 Qa4+ $2 (32... Qe4+ 33. Kb3 h5) 33. Qb3 $2 (33. b3 Qxa2+ 34. Qb2 Qxb2+ 35. Kxb2) 33... Qd7 {( -> ...Rd8)} 34. Qxb6 Rd8 (34... Qd1+ $142 35. Kc3 Rd8 36. Qe6+ Kf8 37. Qd5 Rxd5 38. cxd5 Qxd5 39. b3 c4 $1 {[%mdl 512]} 40. bxc4 Rc1+ 41. Kb2 Rxc4 42. Rc2 Qb7+ 43. Kc1 Rxc2+ 44. Kxc2 Qc8+ 45. Kb1 Qxh3 46. Kb2 Qxe3 47. a4 h5 48. Ka2 h4 49. Kb2 h3 50. Ka2 h2 51. Kb2 h1=Q 52. Ka2 Qh2+ 53. Kb1 Qeg1#) 35. Kb3 Qd3+ $2 (35... a4+ {mates} 36. Ka3 Qd3+ 37. b3 axb3 38. Qe6+ Kf8 39. Ka4 bxa2 40. Kb5 a1=Q 41. Qe7+ Kxe7 42. Rxh7+ Kd6 43. Rd7+ Rxd7 44. Ra2 Qxa2 45. Kb6 Qdb3#) 36. Ka4 Qxc4+ 37. Ka3 {[#]} Qb4+ (37... Rd6 $1 $19 {[%cal Rd6b6][%mdl 512]} 38. Qb7 (38. Qxd6 Qb4#) 38... Rf7 39. Qb8+ Rf8) 38. Qxb4 $17 axb4+ {[%mdl 4096] Endgame KRR-KRR} ({Don't take} 38... cxb4+ 39. Ka4 $15) 39. Ka4 Rf7 40. Kb5 Rc8 41. Kc4 h5 42. Rg3 Kh7 43. Rhg2 {[#]} Rf6 (43... Rg7 $1 $19 44. e4 Re8) 44. e4 (44. Rg5 $17) 44... Kh6 (44... Re8 $19 45. Re2 Re5) 45. Kd5 (45. Rg5 $142) 45... Rg8 (45... Rd8+ $142 46. Kxc5 Re6) 46. e5 {[#]} Rf5 (46... Rd8+ $1 $17 47. Kxc5 Re6) 47. Kd6 $11 g5 {White must now prevent ...Rd8+.} 48. Re3 g4 {Precision: White = 32%, Black = 26%.} 1/2-1/2

[Event "Silver Lake Open-A 2018"]
[Site "Veliko Gradiste"]
[Date "2018.06.22"]
[Round "7"]
[White "Kanakaris, Georgios"]
[Black "Pikula, Dejan"]
[Result "1/2-1/2"]
[WhiteElo "2399"]
[BlackElo "2471"]
[Annotator "TA"]
[PlyCount "53"]
[EventDate "2018.06.21"]
[EventType "swiss"]
[EventCountry "SRB"]
[SourceTitle "playchess.com"]
[Source "ChessBase"]
[SourceQuality "1"]

{[%evp 17,53,8,49,-1,-9,-8,-18,-19,-14,-14,-9,-23,-6,-24,0,0,0,0,0,-2,0,0,14,0,0,0,0,0,0,0,0,0,0,0,0,0,0,0]} 1. Nf3 Nf6 2. c4 e6 3. Nc3 c5 4. g3 b6 5. Bg2 Bb7 6. O-O Be7 7. d4 cxd4 8. Qxd4 Nc6 9. Qd3 {A30: Englische Eröffnung (Symmetrische Variante)} (9. Qf4 O-O 10. Rd1 Qb8 11. e4 d6 12. b3 a6 13. Bb2 Rd8 14. Qe3 Qa7 15. Ba3 Bf8 16. h3 b5 17. Qxa7 Nxa7 18. e5 dxe5 19. Bxf8 Kxf8 20. Nxe5 Bxg2 21. Kxg2 bxc4 22. bxc4 {1-0 (61) Kasparov,G (2812)-Short,N (2698) Leuven 2011}) 9... O-O {LiveBook: 4 Partien} 10. Bf4 d5 11. cxd5 {[#] Droht stark d6.} Nb4 $1 {[%cal Rb4d3]} 12. Qd1 $146 {zielt auf d6 ab.} ({Vorgänger:} 12. Qd2 Nbxd5 13. Nxd5 Nxd5 14. Rfd1 Nxf4 15. Qxf4 {½-½ (64) Grabarczyk,M (2460)-Dragun,K (2523) Wroclaw 2013}) 12... Nbxd5 13. Nxd5 Nxd5 14. Bd2 Rc8 15. Qa4 a6 16. Rac1 {Die Stellung ist ausgeglichen.} b5 17. Qb3 Rxc1 18. Rxc1 Nf6 {[#] Und weiter mit ...Lxf3 wäre nett.} 19. Bb4 Bd5 20. Qa3 Bxb4 21. Qxb4 Qa8 22. a3 Rc8 23. Rxc8+ Qxc8 24. Qd2 h6 25. Ne5 Bxg2 26. Kxg2 Qc7 27. Nd3 1/2-1/2

[Event "Silver Lake Open-A 2018"]
[Site "Veliko Gradiste"]
[Date "2018.06.22"]
[Round "7"]
[White "Filev, Georgi"]
[Black "Dinev, Dejan"]
[Result "1-0"]
[WhiteElo "2390"]
[BlackElo "2285"]
[Annotator "ChessBase"]
[PlyCount "111"]
[EventDate "2018.06.21"]
[EventType "swiss"]
[EventCountry "SRB"]
[SourceTitle "playchess.com"]
[Source "ChessBase"]
[SourceQuality "1"]
[TimeControl "40/5400+30:900+30"]

1. e4 {[%emt 0:00:00]} c5 {[%emt 0:02:06]} 2. Nf3 {[%emt 0:00:00]} e6 {[%emt 0:00:08]} 3. d4 {[%emt 0:00:00]} cxd4 {[%emt 0:00:08]} 4. Nxd4 {[%emt 0:00:12]} a6 {[%emt 0:00:10]} 5. Bd3 {[%emt 0:01:16]} Nc6 {[%emt 0:02:54]} 6. Nxc6 {[%emt 0:01:36]} bxc6 {[%emt 0:00:23]} 7. c4 {[%emt 0:05:15]} d5 {[%emt 0:01:43]} 8. O-O {[%emt 0:08:44]} Nf6 {[%emt 0:00:22]} 9. Nc3 {[%emt 0:00:31]} d4 {[%emt 0:33:15]} 10. Na4 {[%emt 0:06:02]} Nd7 {[%emt 0:06:01]} 11. f4 {[%emt 0:12:03]} e5 {[%emt 0:11:13]} 12. f5 {[%emt 0:07:54]} Be7 {[%emt 0:08:25]} 13. Bd2 {[%emt 0:08:22]} c5 {[%emt 0:02:19]} 14. Rf3 {[%emt 0:14:06]} Bb7 {[%emt 0:01:17]} 15. b3 {[%emt 0:01:20]} Bc6 {[%emt 0:00:38]} 16. Nb2 {[%emt 0:00:07]} a5 {[%emt 0:00:22]} 17. Rg3 {[%emt 0:01:28]} g6 {[%emt 0:02:41]} 18. Qf3 {[%emt 0:03:56]} g5 {[%emt 0:08:22]} 19. f6 {[%emt 0:14:04]} Bxf6 {[%emt 0:00:15]} 20. Rf1 {[%emt 0:00:09]} Qe7 {[%emt 0:01:22]} 21. Qh5 {[%emt 0:00:22]} h6 {[%emt 0:00:37]} 22. Rgf3 {[%emt 0:00:16]} Ra6 {[%emt 0:00:39]} 23. Nd1 {[%emt 0:00:22]} Rf8 {[%emt 0:02:26]} 24. Nf2 {[%emt 0:00:36]} Bb7 {[%emt 0:01:49]} 25. Ng4 {[%emt 0:00:30]} Bg7 {[%emt 0:00:22]} 26. a4 {[%emt 0:01:14]} Qe6 {[%emt 0:07:32]} 27. h4 {[%emt 0:01:11]} Qg6 {[%emt 0:01:37]} 28. Qxg6 {[%emt 0:00:10]} fxg6 {[%emt 0:00:16]} 29. Rxf8+ {[%emt 0:03:02]} Nxf8 {[%emt 0:01:26]} 30. hxg5 {[%emt 0:00:06]} h5 {[%emt 0:00:23]} 31. Nf6+ {[%emt 0:00:51]} Bxf6 {[%emt 0:01:30]} 32. Rxf6 {[%emt 0:01:09]} Rxf6 {[%emt 0:00:22]} 33. gxf6 {[%emt 0:00:06]} Nd7 {[%emt 0:00:04]} 34. f7+ {[%emt 0:08:09]} Kxf7 {[%emt 0:00:05]} 35. Bxa5 {[%emt 0:00:05]} Nf6 {[%emt 0:00:12]} 36. Bd8 {[%emt 0:01:34]} Nxe4 {[%emt 0:01:26]} 37. Bxe4 {[%emt 0:01:02]} Bxe4 {[%emt 0:00:07]} 38. a5 {[%emt 0:00:16]} Bb7 {[%emt 0:01:45]} 39. Bb6 {[%emt 0:00:18]} d3 {[%emt 0:00:27]} 40. Kf2 {[%emt 0:00:00]} Bxg2 {[%emt 0:02:46]} 41. Bxc5 {[%emt 0:00:45]} h4 {[%emt 0:05:06]} 42. Be3 {[%emt 0:01:08]} Ba8 {[%emt 0:03:46]} 43. b4 {[%emt 0:00:40]} Kf6 {[%emt 0:01:52]} 44. a6 {[%emt 0:05:36]} g5 {[%emt 0:00:08]} 45. b5 {[%emt 0:00:07]} g4 {[%emt 0:00:13]} 46. b6 {[%emt 0:00:33]} g3+ {[%emt 0:01:24]} 47. Kf1 {[%emt 0:04:59]} Bf3 {[%emt 0:04:27]} 48. b7 {[%emt 0:01:43]} h3 {[%emt 0:00:46]} 49. b8=Q {[%emt 0:00:35]} Be2+ {[%emt 0:00:20]} 50. Ke1 {[%emt 0:00:56]} h2 {[%emt 0:00:06]} 51. Qh8+ {[%emt 0:00:33]} Kf5 {[%emt 0:00:11]} 52. a7 {[%emt 0:00:24]} Bf3 {[%emt 0:02:05]} 53. a8=Q {[%emt 0:01:05]} Bxa8 {[%emt 0:00:16]} 54. Qxa8 {[%emt 0:00:09]} e4 {[%emt 0:00:13]} 55. Qd5+ {[%emt 0:00:46]} Kg4 {[%emt 0:00:37]} 56. Qxe4+ {[%emt 0:00:10] Kg5} 1-0

[Event "Silver Lake Open-A 2018"]
[Site "Veliko Gradiste"]
[Date "2018.06.22"]
[Round "7"]
[White "Tosic, Miroslav"]
[Black "Kosanovic, Goran A"]
[Result "1-0"]
[WhiteElo "2384"]
[BlackElo "2345"]
[Annotator "NA"]
[PlyCount "55"]
[EventDate "2018.06.21"]
[EventType "swiss"]
[EventCountry "SRB"]
[SourceTitle "playchess.com"]
[Source "ChessBase"]
[SourceQuality "1"]
[TimeControl "40/5400+30:900+30"]

1. d4 {[%emt 0:00:00]} d5 {[%emt 0:00:22]} 2. Nf3 {[%emt 0:00:00]} Nf6 {[%emt 0:00:25]} 3. e3 {[%emt 0:00:00]} c5 {[%emt 0:01:11]} 4. dxc5 {[%emt 0:00:46]} Qa5+ {[%emt 0:01:13]} 5. Nbd2 {[%emt 0:00:06]} Qxc5 {[%emt 0:00:08]} 6. a3 {[%emt 0:00:04]} g6 {[%emt 0:06:50]} 7. b4 {[%emt 0:00:06]} Qc7 {[%emt 0:00:13]} 8. Bb2 {[%emt 0:00:06]} Bg7 {[%emt 0:00:06]} 9. c4 {[%emt 0:00:27]} dxc4 {[%emt 0:02:05]} 10. Bxc4 {[%emt 0:00:32]} O-O {[%emt 0:01:13]} 11. Rc1 {[%emt 0:01:18]} Qd8 {[%emt 0:01:03]} 12. Qb3 {[%emt 0:04:52]} Bd7 {[%emt 0:03:53]} 13. b5 {[%emt 0:01:14]} Be8 {[%emt 0:01:52]} 14. O-O {[%emt 0:00:14]} Nbd7 {[%emt 0:00:03]} 15. Rfd1 {[%emt 0:00:14]} Rc8 {[%emt 0:16:21]} 16. a4 {[%emt 0:12:01]} Nc5 {[%emt 0:04:32]} 17. Qa3 {[%emt 0:00:12]} Nfd7 {[%emt 0:03:05]} 18. Bd4 {[%emt 0:10:07]} b6 {[%emt 0:06:12]} 19. Bd5 {[%emt 0:02:29]} e5 {[%emt 0:10:14]} 20. Bb2 {[%emt 0:04:46]} Qe7 {[%emt 0:03:08]} 21. Ne4 {[%emt 0:03:21]} Kh8 {[%emt 0:04:01]} 22. Bc6 {[%emt 0:00:29]} Rc7 {[%emt 0:09:18]} 23. Rd5 {[%emt 0:04:10]} f5 {[%emt 0:05:05]} 24. Nxc5 {[%emt 0:00:20]} Nxc5 {[%emt 0:00:18]} 25. Rxe5 {[%emt 0:00:14]} Bxe5 {[%emt 0:04:29]} 26. Nxe5 {[%emt 0:06:33]} Kg8 {[%emt 0:00:20]} 27. Bd5+ {[%emt 0:00:29]} Rf7 {[%emt 0:01:00]} 28. Nxg6 {[%emt 0:04:22]} 1-0

[Event "Silver Lake Open-A 2018"]
[Site "Veliko Gradiste"]
[Date "2018.06.22"]
[Round "7"]
[White "Atakisi, Umut"]
[Black "Stojanovic, Mihajlo"]
[Result "1/2-1/2"]
[WhiteElo "2380"]
[BlackElo "2488"]
[Annotator "TA"]
[PlyCount "36"]
[EventDate "2018.06.21"]
[EventType "swiss"]
[EventCountry "SRB"]
[SourceTitle "playchess.com"]
[Source "ChessBase"]
[SourceQuality "1"]

{[%evp 28,29,-14,-4]} 1. e4 e6 2. d4 d5 3. Nd2 c5 4. exd5 Qxd5 5. Ngf3 cxd4 6. Bc4 Qd6 7. O-O Nf6 8. Nb3 Nc6 9. Nbxd4 Nxd4 10. Nxd4 Be7 11. b3 {C07: French Tarrasch: 3...c5, 4 Ngf3 and 4 exd5 Qxd5} (11. c3 Qc7 12. Bb3 O-O 13. Qf3 Bd7 14. Re1 Rfe8 15. h3 Rad8 16. Bf4 Qb6 17. Re2 Nd5 18. Bxd5 exd5 19. Rae1 Bc5 20. Rxe8+ Rxe8 21. Rxe8+ Bxe8 22. Qxd5 Bxd4 23. Qxd4 Qxd4 24. cxd4 {½-½ (30) Karjakin,S (2760)-Nakamura,H (2776) Zuerich 2015}) 11... O-O 12. Bb2 Qf4 13. Qf3 Qxf3 14. Nxf3 b6 15. Ne5 {[#] LiveBook: 3 Games} {Predecessor:} Bb7 $146 16. Rad1 Rfd8 17. Be2 Bc5 18. Rxd8+ Rxd8 {½-½ (27) Nemeth,M (2489)-Saric,A (2549) Mali Losinj 2017} 1/2-1/2

[Event "Silver Lake Open-A 2018"]
[Site "Veliko Gradiste"]
[Date "2018.06.22"]
[Round "7"]
[White "Rajkovic, Mladen"]
[Black "Hirneise, Tobias"]
[Result "0-1"]
[WhiteElo "2354"]
[BlackElo "2461"]
[Annotator "TA"]
[PlyCount "142"]
[EventDate "2018.06.21"]
[EventType "swiss"]
[EventCountry "SRB"]
[SourceTitle "playchess.com"]
[Source "ChessBase"]
[SourceQuality "1"]

{[%evp 14,142,24,18,32,20,25,18,16,8,35,30,66,0,0,-43,0,-49,-33,-37,-38,-46,-24,-64,-7,-25,-13,-34,-9,-6,-10,-13,0,0,0,0,0,-3,0,-8,0,0,0,0,0,0,0,0,0,-6,0,0,0,0,0,0,0,0,0,0,0,-3,0,0,0,-8,-6,-104,-112,-104,-117,-117,-87,-93,-59,-83,-87,-121,-120,-120,-104,-121,-122,-454,-462,-454,-281,-476,-462,-456,-454,-429,0,-126,-118,-178,0,-106,0,-377,-226,-4134,-1331,-29965,-29965,-29969,-29968,-29970,-29971,-29974,-29972,-6238,-29971,-29969,-29972,-29973,-29975,-29978,-29979,-29979,-29980,-29982,-29982,-29982,-29981,-29982,-29983,-29983,-29984,-29984,-29985]} 1. e4 c5 2. Nf3 d6 3. Bc4 Nf6 4. d3 Nc6 5. c3 a6 (5... g6 6. Bb3 Bg7 7. O-O O-O 8. Nbd2 e5 9. Nc4 h6 10. Re1 Be6 11. h3 b5 12. Ne3 Rb8 13. a4 b4 14. Bxe6 fxe6 15. Ng4 Nxg4 16. hxg4 {½-½ (52) Delgado Ramirez,N (2618)-Bologan,V (2648) Baku 2016}) 6. Bb3 {B50: Sicilian: 2...d6, Miscellaneous} Bg4 7. h3 Bxf3 8. Qxf3 {LiveBook: 4 Games. White has an edge.} e6 9. O-O Be7 10. Rd1 $146 ({Predecessor:} 10. Qg3 O-O 11. Bh6 Ne8 12. Be3 d5 13. exd5 exd5 {0-1 (51) Li,Q (2341)-Xu,Y (2323) Qinhuangdao 2017}) 10... O-O 11. d4 cxd4 12. cxd4 d5 13. e5 (13. exd5 $1 $14 Nxd5 14. Nc3) 13... Ne4 $11 14. Qe2 Rc8 15. Bc2 f5 {...Qb6 is the strong threat.} 16. exf6 Bxf6 17. Bxe4 Nxd4 18. Qe1 {Hoping for Bd3.} dxe4 (18... Rxc1 $1 $15 19. Rxc1 Bh4) 19. Nc3 Qb6 {aiming for ...Nc2.} 20. Qxe4 Rfd8 21. Rd3 Qc6 22. Qxc6 Nxc6 23. Rxd8+ Rxd8 24. Be3 Nb4 25. Ne4 Bxb2 26. Rb1 Nd3 27. Nc5 Nxc5 28. Rxb2 {[%mdl 4096] Endgame KRB-KRN} Rc8 29. Rb6 Rc7 30. Bxc5 Rxc5 31. Rxe6 {KR-KR} Rc1+ 32. Kh2 Rc2 33. Kg3 Rb2 34. a4 Kf7 35. Re4 a5 36. Kf3 Kf6 37. Ke3 b5 38. axb5 Rxb5 39. f4 Rb3+ 40. Kf2 (40. Ke2 $11 {remains equal.}) 40... Rb4 $17 41. Re8 Rxf4+ 42. Ke3 Rf5 {And now ...Re5+ would win.} (42... Ra4 {is more complex.} 43. Rf8+ Kg6 44. Rc8 Ra1 45. Rc6+ Kf7) 43. Ra8 Re5+ 44. Kf3 h5 45. Ra6+ Kf5 46. Ra7 g5 47. Rf7+ Ke6 48. Rh7 $2 {[%mdl 8192]} (48. Ra7 $17 {was the crucial defense.}) 48... h4 $1 $19 49. g3 hxg3 50. Kxg3 $2 (50. Ra7) 50... Kd5 51. Rc7 Kd4 52. Kf3 Kd5 $2 ({Black should play} 52... Rc5 $19 53. Ra7 Kc4) 53. Rc8 {[#]} (53. Kg3 $1 $11) 53... Kd6 $1 $17 54. Rc4 {[#]} (54. Kf2 $17) 54... Kd5 ({Better is} 54... Rc5 $1 $19 {[%cal Rc5c4]} 55. Ra4 Kc6) 55. Rc8 $1 Kd4 $2 {[%mdl 8192]} (55... Ke6 $17 56. Rd8 Rd5) 56. Rc7 $1 $19 Rc5 57. Rd7+ $2 (57. Ra7) 57... Kc4 (57... Kc3 $142 58. Ra7 Kb4 59. Rb7+ Rb5) 58. Ke4 a4 59. Ra7 Kb4 60. Rb7+ Rb5 61. Ra7 Ra5 62. Rb7+ Kc3 63. Rc7+ {Black mates.} Kd2 64. Rd7+ Ke2 65. Rb7 a3 66. Rb1 Kd2 67. Kf3 a2 68. Ra1 Kc2 69. Kg4 Kb2 70. Rf1 a1=Q 71. Rxa1 Kxa1 {Precision: White = 52%, Black = 69%.} 0-1

[Event "Silver Lake Open-A 2018"]
[Site "Veliko Gradiste"]
[Date "2018.06.22"]
[Round "7"]
[White "Konaplev, Anton"]
[Black "Marcetic, Nikola"]
[Result "0-1"]
[WhiteElo "2353"]
[BlackElo "2342"]
[Annotator "NA"]
[PlyCount "82"]
[EventDate "2018.06.21"]
[EventType "swiss"]
[EventCountry "SRB"]
[SourceTitle "playchess.com"]
[Source "ChessBase"]
[SourceQuality "1"]
[TimeControl "40/5400+30:900+30"]

1. d4 {[%emt 0:00:00]} Nf6 {[%emt 0:00:17]} 2. c4 {[%emt 0:00:00]} e6 {[%emt 0:00:09]} 3. Nc3 {[%emt 0:00:32]} Bb4 {[%emt 0:00:28]} 4. e3 {[%emt 0:00:20]} O-O {[%emt 0:00:14]} 5. Bd3 {[%emt 0:00:56]} d5 {[%emt 0:01:54]} 6. Nf3 {[%emt 0:00:50]} c5 {[%emt 0:06:13]} 7. O-O {[%emt 0:00:26]} dxc4 {[%emt 0:06:44]} 8. Bxc4 {[%emt 0:02:53]} Nc6 9. a3 {[%emt 0:00:01]} Bxc3 {[%emt 0:02:44]} 10. bxc3 {[%emt 0:06:36]} b6 {[%emt 0:13:51]} 11. Ba2 {[%emt 0:02:38]} Bb7 12. Qe2 Ne4 {[%emt 0:11:03]} 13. Bb2 {[%emt 0:01:24]} Rc8 {[%emt 0:05:39]} 14. Rfd1 {[%emt 0:02:51]} cxd4 {[%emt 0:04:34]} 15. exd4 {[%emt 0:05:25]} Na5 {[%emt 0:04:05]} 16. Rac1 {[%emt 0:22:42]} Nd6 {[%emt 0:01:38]} 17. Ne5 {[%emt 0:03:38]} b5 {[%emt 0:02:36]} 18. a4 {[%emt 0:03:56]} Ndc4 {[%emt 0:11:07]} 19. axb5 {[%emt 0:11:21]} Qd5 {[%emt 0:02:30]} 20. f3 {[%emt 0:01:17]} Qxb5 {[%emt 0:04:37]} 21. Rb1 {[%emt 0:04:14]} Qa4 {[%emt 0:02:58]} 22. Bxc4 {[%emt 0:04:12]} Nxc4 {[%emt 0:00:07]} 23. Ra1 {[%emt 0:07:12]} Qb3 {[%emt 0:04:27]} 24. Nxc4 {[%emt 0:07:55]} Rxc4 {[%emt 0:03:25]} 25. Rxa7 {[%emt 0:01:59]} Rfc8 {[%emt 0:01:46]} 26. Ra3 {[%emt 0:01:29]} Qb6 {[%emt 0:00:33]} 27. Qf2 {[%emt 0:01:27]} Bd5 {[%emt 0:00:24]} 28. Rda1 {[%emt 0:00:29]} h6 {[%emt 0:01:19]} 29. h3 {[%emt 0:01:02]} Qb8 {[%emt 0:01:44]} 30. Re1 {[%emt 0:01:57]} R4c6 {[%emt 0:01:55]} 31. Raa1 {[%emt 0:01:57]} Rb6 {[%emt 0:00:39]} 32. Re2 {[%emt 0:00:12]} Rb3 {[%emt 0:02:37]} 33. Rc1 {[%emt 0:00:55]} Qf4 {[%emt 0:00:21]} 34. Rcc2 {[%emt 0:00:24]} Bc4 {[%emt 0:00:56]} 35. Qe3 {[%emt 0:02:45]} Qb8 {[%emt 0:02:20]} 36. Rf2 {[%emt 0:00:45]} Qa7 {[%emt 0:00:40]} 37. Kh2 {[%emt 0:00:20]} Rcb8 {[%emt 0:00:52]} 38. Bc1 {[%emt 0:00:07]} Rb1 {[%emt 0:00:43]} 39. Rb2 {[%emt 0:01:21]} R8xb2 {[%emt 0:00:16]} 40. Rxb2 {[%emt 0:00:00]} Rxb2 {[%emt 0:00:06]} 41. Bxb2 {[%emt 0:01:24]} Qb8+ {[%emt 0:00:04]} 0-1

[Event "Silver Lake Open-A 2018"]
[Site "Veliko Gradiste"]
[Date "2018.06.22"]
[Round "7"]
[White "Rajkovic, Dusan"]
[Black "Kantorik, Marian"]
[Result "1/2-1/2"]
[WhiteElo "2351"]
[BlackElo "2260"]
[Annotator "NA"]
[PlyCount "66"]
[EventDate "2018.06.21"]
[EventType "swiss"]
[EventCountry "SRB"]
[SourceTitle "playchess.com"]
[Source "ChessBase"]
[SourceQuality "1"]
[TimeControl "40/5400+30:900+30"]

1. d4 {[%emt 0:01:57]} d5 {[%emt 0:00:19]} 2. c4 {[%emt 0:00:09]} e6 {[%emt 0:00:40]} 3. Nf3 {[%emt 0:01:25]} c5 {[%emt 0:00:17]} 4. cxd5 {[%emt 0:03:38]} exd5 {[%emt 0:00:14]} 5. g3 {[%emt 0:00:40]} Nc6 {[%emt 0:00:15]} 6. Bg2 {[%emt 0:00:42]} Nf6 {[%emt 0:00:16]} 7. O-O {[%emt 0:00:10]} Be7 {[%emt 0:00:10]} 8. dxc5 {[%emt 0:03:11]} Bxc5 {[%emt 0:01:55]} 9. Bg5 {[%emt 0:07:16]} Be6 {[%emt 0:01:30]} 10. Nbd2 {[%emt 0:01:15]} O-O {[%emt 0:00:56]} 11. Nb3 {[%emt 0:00:57]} Be7 {[%emt 0:06:19]} 12. Rc1 {[%emt 0:02:08]} Ne4 {[%emt 0:03:46]} 13. Bxe7 {[%emt 0:08:26]} Qxe7 {[%emt 0:00:12]} 14. Nbd4 {[%emt 0:01:22]} Rac8 {[%emt 0:04:15]} 15. Qd3 {[%emt 0:03:48]} Nxd4 {[%emt 0:08:10]} 16. Qxd4 {[%emt 0:02:15]} a6 {[%emt 0:02:07]} 17. a3 {[%emt 0:12:20]} Rfd8 {[%emt 0:05:38]} 18. Ne5 {[%emt 0:05:28]} Nf6 {[%emt 0:02:56]} 19. Rfd1 {[%emt 0:01:59]} h6 {[%emt 0:05:22]} 20. Bf3 {[%emt 0:01:29]} Re8 {[%emt 0:04:37]} 21. Nd3 {[%emt 0:04:25]} Bf5 {[%emt 0:07:23]} 22. Qb4 {[%emt 0:00:34]} Qxb4 {[%emt 0:03:33]} 23. Nxb4 {[%emt 0:00:07]} Be4 {[%emt 0:03:17]} 24. Rxc8 {[%emt 0:06:33]} Rxc8 {[%emt 0:00:07]} 25. Nxd5 {[%emt 0:00:09]} Bxd5 {[%emt 0:03:10]} 26. Bxd5 {[%emt 0:00:07]} Nxd5 {[%emt 0:00:10]} 27. Rxd5 {[%emt 0:00:15]} Rc2 {[%emt 0:00:02]} 28. Rd8+ {[%emt 0:00:14]} Kh7 {[%emt 0:00:05]} 29. Rd7 {[%emt 0:00:17]} Rxb2 {[%emt 0:00:22]} 30. Rxf7 {[%emt 0:00:28]} b5 {[%emt 0:04:45]} 31. Ra7 {[%emt 0:07:29]} Rxe2 {[%emt 0:00:22]} 32. Rxa6 {[%emt 0:00:07]} Rb2 {[%emt 0:00:16]} 33. Kg2 {[%emt 0:01:56]} b4 {[%emt 0:00:17]} 1/2-1/2

[Event "Silver Lake Open-A 2018"]
[Site "Veliko Gradiste"]
[Date "2018.06.22"]
[Round "7"]
[White "Ioannidis, Evgenios"]
[Black "Blagojevic, Dragisa"]
[Result "1/2-1/2"]
[WhiteElo "2339"]
[BlackElo "2486"]
[Annotator "TA"]
[PlyCount "80"]
[EventDate "2018.06.21"]
[EventType "swiss"]
[EventCountry "SRB"]
[SourceTitle "playchess.com"]
[Source "ChessBase"]
[SourceQuality "1"]

{[%evp 28,80,22,15,43,54,43,36,44,38,46,41,39,40,33,11,33,21,22,16,13,0,0,-18,-5,-38,0,-58,-60,-102,-91,-87,-30,-16,-19,-32,0,0,0,-1,0,0,0,0,0,0,0,0,0,0,0,0,0,0,0]} 1. d4 d5 2. c4 e6 3. Nc3 c6 4. Nf3 Nf6 5. Bg5 Nbd7 6. e3 Qa5 7. cxd5 Nxd5 8. Qd2 Bb4 9. Rc1 h6 10. Bh4 c5 11. a3 {D52: Queen's Gambit Declined: Cambridge Springs Variation} Bxc3 12. bxc3 b6 13. c4 Qxd2+ 14. Nxd2 Ne7 15. f3 {LiveBook: 26 Games} f5 (15... Ba6 16. Be2 f5 17. O-O {1-0 (49) So,W (2822)-Dreev,A (2651) chess.com INT 2017}) 16. Nb3 Kf7 17. Be2 Bb7 $146 ({Predecessor:} 17... Rd8 18. a4 cxd4 19. exd4 {½-½ (43) Mirkowski,P (2323)-Biedermann,T (2426) ICCF email 2015}) 18. dxc5 Nxc5 19. Nxc5 bxc5 20. Rb1 Bc6 21. Kd2 Nc8 22. Kc3 e5 23. Rhd1 Ke6 24. Bd8 Nd6 25. Bc7 Nf7 26. e4 {White wants to play exf5+.} fxe4 {...Rac8 is the strong threat.} 27. fxe4 (27. f4 $1 $11) 27... h5 $1 $15 28. g4 Rac8 ({Much weaker is} 28... Bxe4 $6 29. Rb5 $11) 29. Ba5 Nd6 ({Better is} 29... Bxe4 $17 30. Rb2 hxg4 31. Bxg4+ Bf5 32. Bxf5+ Kxf5) 30. gxh5 $11 {[#] Black must now prevent Bg4+.} Nxe4+ 31. Kb2 {aiming for Bg4+.} Rb8+ 32. Ka2 {The position is equal.} Rxb1 33. Rxb1 Nf6 34. Rg1 Nxh5 35. Bxh5 Rxh5 {KRB-KRB} 36. Rg6+ Kd7 37. Rxg7+ Ke6 38. Rg6+ Kd7 39. Rg7+ Ke6 40. Rg6+ Kd7 {Precision: White = 57%, Black = 59%.} 1/2-1/2